| 000 | 00517nam a2200193Ia 4500 | ||
|---|---|---|---|
| 005 | 20250326144841.0 | ||
| 008 | 250326s9999 xx 000 0 und d | ||
| 020 | _a0-87814-615-6 | ||
| 037 | _aTextbook | ||
| 040 |
_aFMSL _beng _cFMSL |
||
| 041 |
_aeng _2eng |
||
| 084 |
_aX:74 N6 _qFMSL |
||
| 100 |
_aUnderhill Tim _9750194 |
||
| 245 | 0 |
_aStrategic Alliances _cUnderhill Tim |
|
| 260 |
_aOklahoma _bOklahoma, Pennwell Books |
||
| 300 | _ax,284 | ||
| 942 |
_cTB _hX:74 N6 |
||
| 999 |
_c1305305 _d1305305 |
||